| 000 | 00864nam a2200205 a 4500 | ||
|---|---|---|---|
| 003 | 0 | ||
| 005 | 20250317093007.0 | ||
| 008 | 080924s19uu xx 00 eng d | ||
| 050 |
_aPHS BF 575.A6 _b.N6 2008 |
||
| 100 | _aNo, Hyun Jong. | ||
| 245 |
_aThe Relationship of anxiety-related factors to the academic achievements in mathematics of selected grade 11 students of Southville International School and Colleges / _cNo Hyun Jong. |
||
| 260 |
_aLas PiƱas City, Philippines : _bSouthville International School and Colleges, _c2008. |
||
| 300 |
_a26 pages : _billustrations ; _c28 cm. |
||
| 504 | _aIncludes bibliographical references. | ||
| 650 | _aAnxiety in children. | ||
| 650 |
_aMathematics _xStudy and teaching (Secondary). |
||
| 650 |
_aAcademic achievement _xPsychological aspects. |
||
| 650 |
_aMathematics _xPsychological aspects. |
||
| 942 |
_2lcc _cPASS |
||
| 999 |
_c98099 _d98099 |
||